تنقيد بھی تحسين بھی(حنيف تر ين کی شا عر ی سے مکا لمہ) (Record no. 181022)
[ view plain ]
| 000 -LEADER | |
|---|---|
| fixed length control field | 00721nam a22001937a 4500 |
| 005 - DATE AND TIME OF LATEST TRANSACTION | |
| control field | 20210826112813.0 |
| 010 ## - LCCN (DPL NO) | |
| LC control number | UR-11211 |
| 020 ## - INTERNATIONAL STANDARD BOOK NUMBER | |
| Terms of availability | 591.00 |
| International Standard Book Number | 9789390533282 |
| 035 ## - SYSTEM CONTROL NUMBER | |
| System control number | U-9766 |
| 037 ## - SOURCE OF ACQUISITION | |
| Source of stock number/acquisition | DBAD/PUB |
| 082 ## - DEWEY DECIMAL CLASSIFICATION NUMBER | |
| Classification number | 841.08 |
| 100 ## - MAIN ENTRY--PERSONAL NAME | |
| Personal name | محمد ا سلا م خا ن |
| 245 ## - TITLE STATEMENT | |
| Title | تنقيد بھی تحسين بھی(حنيف تر ين کی شا عر ی سے مکا لمہ) |
| Statement of responsibility, etc | محمد ا سلا م خا ن |
| 246 ## - VARYING FORM OF TITLE | |
| Title proper/short title | Tanqeed Bhi Tehseen Bhi (Urdu) |
| Remainder of title | by Mohd. Islam Khan |
| 260 ## - PUBLICATION, DISTRIBUTION, ETC. (IMPRINT) | |
| Place of publication, distribution, etc | Delhi |
| Date of publication, distribution, etc | 2020 ء |
| Name of publisher, distributor, etc | Educational Publishing House |
| 270 ## - ADDRESS | |
| Address | 3191,Vakil Street, Kucha Pandit Lal Kuan, |
| City | Delhi |
| Postal code | 110006 |
| Fax number | 23216162 |
| 300 ## - PHYSICAL DESCRIPTION | |
| Extent | 520 ص |
| Dimensions | 22 Cm(Hb) |
| 942 ## - ADDED ENTRY ELEMENTS (KOHA) | |
| Source of classification or shelving scheme | Dewey Decimal Classification |
| Item type | Urdu Bks |
| Classification part | 841.08 |
| Call number suffix | م ح م |
| Withdrawn status | Lost status | Not for loan | Collection code | Home library | Current library | Date acquired | Source of acquisition | Cost, normal purchase price | Full call number | Barcode | Copy number | Cost, replacement price | Koha item type |
|---|---|---|---|---|---|---|---|---|---|---|---|---|---|
| Not For Loan | Non-fiction | D.B.Act.Division | Central Library | 26/08/2021 | DBAD/PUB | 591.00 | 841.08 م ح م | U-9766 | 1 | 591.00 | Urdu Bks |
